[Event "Dylan93"]
[Site "http://www.queenalice.com/game.php?id=361034"]
[Date "2008.2.25"]
[Round "2"]
[White "scalp"]
[Black "rom"]
[Result "0-1"]
[WhiteElo "1712"]
[BlackElo "1681"]

1. d4 d5 2. Bf4 e6 3. e3 g5 4. Be5 f6 5. Bg3 Ne7 6. Nc3 h5 7. h4 gxh4 8. Bxh4
Nf5 9. Bd3 b6 10. e4 Nxh4 11. Rxh4 f5 12. Rxh5 Rxh5 13. Qxh5+ Kd7 14. exd5 exd5
15. Qxf5+ Kc6 16. Bb5+ Kb7 17. Qf3 c6 18. Bd3 a5 19. Nge2 Na6 20. Qf7+ Qe7 21.
Qg6 b5 22. f4 Nb4 23. O-O-O Nxd3+ 24. Rxd3 b4 25. Na4 Qxe2 26. Nc5+ Bxc5 27.
dxc5 Qf1+ 28. Rd1 Qxf4+ 29. Kb1 Bg4 30. Qg7+ Ka6 31. Rd4 Qf1+ 0-1

[Event "BOARD 2,DIV.C"]
[Site "http://www.queenalice.com/game.php?id=361986"]
[Date "2008.2.27"]
[Round "2"]
[White "scalp"]
[Black "lalves"]
[Result "0-1"]
[WhiteElo "1696"]
[BlackElo "2013"]

1. e4 c5 2. Nc3 Nc6 3. Nf3 d6 4. d4 cxd4 5. Nxd4 Nf6 6. Bb5 Bd7 7. Qf3 Nxd4 8.
Qd3 Nxb5 9. Nxb5 Bxb5 10. Qxb5+ Qd7 11. Qd3 Qc6 12. f3 e6 13. O-O Be7 14. Bf4
O-O 15. Rad1 Rac8 16. e5 dxe5 17. Bxe5 Qc5+ 18. Bd4 Qxd4+ 19. Qxd4 Bc5 20. Qxc5
Rxc5 21. b4 Rxc2 22. a4 Nd5 23. b5 Ne3 24. Rd7 Nxf1 25. Kxf1 Ra2 26. Rxb7 Rxa4
27. Ke2 Rd8 28. Ke3 g6 29. g4 Rd6 30. Kf2 Ra5 31. Ke3 Rb6 0-1

[Event "AUTO-INT-643"]
[Site "http://www.queenalice.com/game.php?id=366034"]
[Date "2008.3.5"]
[Round "2"]
[White "Herivelto"]
[Black "scalp"]
[Result "1-0"]
[WhiteElo "1779"]
[BlackElo "1709"]

1. Nf3 d5 2. c4 d4 3. c5 Nc6 4. g3 e5 5. a3 Bxc5 6. Bg2 Qd5 7. O-O Nf6 8. b4 Bd6
9. Bb2 e4 10. Ne1 Ne5 11. Nc2 d3 12. exd3 Nf3+ 13. Kh1 Bg4 14. Bxf6 gxf6 15. Ne3
Qh5 16. h4 Nh2 17. Nxg4 Nxf1 18. Nxf6+ 1-0

[Event "AUTO-INT-643"]
[Site "http://www.queenalice.com/game.php?id=366035"]
[Date "2008.3.5"]
[Round "2"]
[White "scalp"]
[Black "Herivelto"]
[Result "0-1"]
[WhiteElo "1685"]
[BlackElo "1728"]

1. e4 c5 2. d4 cxd4 3. Qxd4 Nc6 4. Qd5 Nf6 5. Qc4 d5 6. exd5 Nxd5 7. Nf3 e6 8.
Bd2 a6 9. Nc3 Nxc3 10. Bxc3 Ne7 11. Rd1 Bd7 12. Qf4 Nd5 13. Qe4 Nxc3 14. bxc3 b5
15. c4 Bb4+ 16. Ke2 Be7 17. Ne5 Ra7 18. Qf3 O-O 19. cxb5 Bxb5+ 20. c4 Qb8 21.
Qe4 Ba4 22. Rb1 Qc7 23. g3 f6 24. Nd3 Qd7 25. Bh3 f5 26. Qe3 Bc2 27. Rb6 Bxd3+
28. Qxd3 Qxd3+ 29. Kxd3 Kf7 30. Re1 Rd8+ 31. Kc2 Rd6 32. c5 Rc7 33. Rxd6 Bxd6
34. a4 Bxc5 35. Kb3 Rb7+ 36. Kc4 Bxf2 37. Re2 Rc7+ 38. Kb4 Bd4 39. Bg2 Bc3+ 40.
Kb3 Bd4 41. Rc2 Rxc2 42. Kxc2 a5 43. Kb3 Bc5 44. Kc4 Bb4 45. Kd4 Kf6 46. h4 h6
47. Ke3 g5 0-1

[Event "Challenge"]
[Site "http://www.queenalice.com/game.php?id=391535"]
[Date "2008.4.22"]
[Round "-"]
[White "scalp"]
[Black "Polux"]
[Result "1-0"]
[WhiteElo "1674"]
[BlackElo "1691"]

1. c4 c5 2. d4 e6 3. Nf3 d5 4. e3 Nc6 5. Nc3 cxd4 6. exd4 dxc4 7. Bxc4 Bd6 8.
Bg5 f6 9. Bh4 Nh6 10. O-O a6 11. Ne4 Bc7 12. Qa4 Bd7 13. Qb3 Na5 14. Qb4 Nxc4
15. Qxc4 Bb5 16. Qxe6+ Qe7 17. Nc5 Bxf1 18. Kxf1 b6 19. Qc6+ Kd8 20. Qxa8+ 1-0

[Event "Challenge"]
[Site "http://www.queenalice.com/game.php?id=391537"]
[Date "2008.4.22"]
[Round "-"]
[White "Polux"]
[Black "scalp"]
[Result "0-1"]
[WhiteElo "1724"]
[BlackElo "1655"]

1. e4 e5 2. c4 Nf6 3. Qc2 Nc6 4. d3 Bb4+ 5. Bd2 Nd4 6. Qa4 c6 7. Bxb4 b5 8. Qd1
d6 9. f4 bxc4 10. dxc4 Nxe4 11. g3 Bf5 12. Bd3 Qb6 13. a3 Nf6 14. Bxf5 Nxf5 15.
fxe5 Qe3+ 16. Ne2 Qxe5 17. Bc3 Qe4 18. Nd2 Qxh1+ 19. Kf2 Ng4# 0-1

[Event "AUTO-ADV-884"]
[Site "http://www.queenalice.com/game.php?id=392611"]
[Date "2008.4.24"]
[Round "1"]
[White "scalp"]
[Black "alexandre35"]
[Result "1-0"]
[WhiteElo "1635"]
[BlackElo "1738"]

1. e4 c5 2. d4 cxd4 3. Qxd4 Nc6 4. Qc4 e5 5. Nf3 Nf6 6. Ng5 Qe7 7. Qb3 h6 8. Nf3
Nxe4 9. Be3 Qb4+ 10. c3 Qxb3 11. axb3 Be7 12. Bd3 d5 13. O-O O-O 14. Ra4 f5 15.
Bb5 Bd6 16. Rd1 Bd7 17. Rxd5 a6 18. Bd3 b5 19. Ra2 Be6 20. Bxe4 Bxd5 21. Bxd5+
Kh7 22. Bxc6 Ra7 23. Bxa7 e4 24. Nd4 Rc8 25. Rxa6 1-0

[Event "AUTO-ADV-884"]
[Site "http://www.queenalice.com/game.php?id=392612"]
[Date "2008.4.24"]
[Round "1"]
[White "alexandre35"]
[Black "scalp"]
[Result "1-0"]
[WhiteElo "1782"]
[BlackElo "1679"]

1. e4 d5 2. exd5 Qxd5 3. Nc3 Qe6+ 4. Nge2 Nc6 5. d4 Qf5 6. g3 e6 7. Bg2 Bd7 8.
O-O Bd6 9. d5 Ne5 10. f4 Ng4 11. Nd4 Bc5 12. Kh1 Qg6 13. f5 exf5 14. Qe2+ Ne7
15. d6 Bxd6 16. h3 Nf6 17. Bf4 O-O 18. Bxd6 cxd6 19. Qf2 Nh5 20. Kh2 Rab8 21.
Rae1 Qf6 22. Nd5 Nxd5 23. c4 Nb4 24. Bf3 g6 25. Bxh5 Nd3 26. Qe3 Nxe1 27. Bd1
Rfe8 28. Qf2 Nd3 29. Qg1 Nxb2 30. Bc2 Nxc4 31. Bb3 1-0

[Event "AUTO-ADV-884"]
[Site "http://www.queenalice.com/game.php?id=392613"]
[Date "2008.4.24"]
[Round "1"]
[White "scalp"]
[Black "vininb"]
[Result "0-1"]
[WhiteElo "1646"]
[BlackElo "1760"]

1. e4 e5 2. Nf3 Nc6 3. d3 Be7 4. Nc3 Nf6 5. Be3 O-O 6. Qd2 Ng4 7. h3 Nxe3 8.
Qxe3 b6 9. d4 exd4 10. Nxd4 Nxd4 11. Qxd4 Bb7 12. Bd3 Bc5 13. Qe5 Re8 14. Qg3 d5
15. e5 Qf6 16. f4 Qh6 17. Nb5 Re7 18. O-O-O c6 19. Nc3 Rxe5 20. Kb1 Ree8 21.
Rhf1 Re3 22. Qg4 Rae8 23. Qd7 R3e7 24. Qg4 Bc8 25. f5 Qf6 26. Qh4 Qxh4 0-1

[Event "AUTO-ADV-884"]
[Site "http://www.queenalice.com/game.php?id=392614"]
[Date "2008.4.24"]
[Round "1"]
[White "vininb"]
[Black "scalp"]
[Result "1-0"]
[WhiteElo "1872"]
[BlackElo "1695"]

1. e4 e5 2. Nf3 Nc6 3. Bb5 a6 4. Ba4 Nf6 5. d3 Bc5 6. O-O d5 7. exd5 Qxd5 8.
Nxe5 b5 9. Bb3 Qd4 10. Nxc6 Qd6 11. Re1+ Be6 12. Bxe6 fxe6 13. Ne5 O-O-O 14. Nf7
Qe7 15. Nxh8 Rxh8 16. Be3 Bd6 17. Qf3 Kd7 18. Nc3 c6 19. Rad1 Rf8 20. Ne4 Nd5
21. Qh3 Qf7 22. Qxh7 Nxe3 23. fxe3 Be5 24. d4 Bc7 25. Rf1 Qg8 26. Qxg8 Rxg8 27.
Rf7+ Ke8 28. Rxc7 1-0

[Event "AUTO-ADV-884"]
[Site "http://www.queenalice.com/game.php?id=392615"]
[Date "2008.4.24"]
[Round "1"]
[White "scalp"]
[Black "kako"]
[Result "0-1"]
[WhiteElo "1691"]
[BlackElo "1794"]

1. e4 e5 2. d4 exd4 3. Qxd4 Nc6 4. Qc4 Ne5 5. Qa4 c6 6. Bf4 Qc7 7. Qb3 d6 8.
Bxe5 dxe5 9. Nf3 Be7 10. Nbd2 Nf6 11. Bd3 O-O 12. Nc4 Nd7 13. Qc3 b6 14. Ncxe5
Bf6 15. O-O Nxe5 16. Nxe5 Bxe5 17. Qd2 Bxh2+ 18. Kh1 Bf4 19. Qe2 Qd6 20. g3 Qh6+
21. Kg2 Bh3+ 22. Kg1 Bxf1 23. Qxf1 Qg5 24. Qh3 g6 25. Kf1 Bd6 26. Re1 Be5 27. f4
Bxf4 0-1

[Event "AUTO-ADV-884"]
[Site "http://www.queenalice.com/game.php?id=392616"]
[Date "2008.4.24"]
[Round "1"]
[White "kako"]
[Black "scalp"]
[Result "1-0"]
[WhiteElo "1829"]
[BlackElo "1669"]

1. d4 d5 2. Nc3 Nf6 3. Bf4 a6 4. Nf3 e6 5. a3 Bd6 6. Bxd6 Qxd6 7. g3 Ne4 8. Bg2
Qb6 9. Nxe4 dxe4 10. Ne5 f5 11. Nc4 Qb5 12. b3 Nc6 13. O-O Qd5 14. Ne3 Qd7 15.
c3 Qf7 16. b4 a5 17. b5 Ne7 18. Nc4 O-O 19. Ne5 Qh5 20. Ra2 1-0

[Event "AUTO-ADV-804"]
[Site "http://www.queenalice.com/game.php?id=423088"]
[Date "2008.6.25"]
[Round "2"]
[White "scalp"]
[Black "anax"]
[Result "0-1"]
[WhiteElo "1705"]
[BlackElo "1716"]

1. e4 e6 2. d4 d5 3. e5 h6 4. Nc3 a6 5. a3 f6 6. Qh5+ Ke7 7. Be2 Bd7 8. Bf4 g5
9. Bg3 Nc6 10. Nf3 f5 11. Nxg5 Be8 12. Qh4 Kd7 13. Nf3 Qxh4 14. Bxh4 Bh5 15. Na4
b6 16. c3 Nge7 17. Bf6 Rg8 18. Nh4 Bxe2 19. Kxe2 Ng6 20. Nf3 Nf4+ 21. Kf1 Rxg2
22. Rg1 Rxg1+ 23. Kxg1 Be7 24. b4 Bxf6 25. exf6 Rf8 26. Ne5+ Kd6 27. f7 Nxe5 28.
dxe5+ Kxe5 29. Re1+ Kf6 30. f3 Rxf7 31. Kf2 Nd3+ 0-1

[Event "Dylan93"]
[Site "http://www.queenalice.com/game.php?id=429161"]
[Date "2008.7.7"]
[Round "3"]
[White "mizu"]
[Black "scalp"]
[Result "0-1"]
[WhiteElo "1713"]
[BlackElo "1667"]

1. e4 e5 2. Nf3 Nc6 3. Bb5 Nf6 4. O-O Nd4 5. Nxd4 exd4 6. d3 c6 7. Bc4 b5 8. Bb3
Bb7 9. Bg5 Be7 10. c3 Qb6 11. e5 Nd5 12. Bxd5 cxd5 13. Bxe7 Kxe7 14. Qg4 dxc3
15. bxc3 g6 16. d4 Ba6 17. Rc1 f5 18. Qg5+ Kf7 19. Nd2 Rhf8 20. Nf3 Rac8 21. Rc2
b4 22. Rb1 Qb5 23. Rxb4 Qf1# 0-1

[Event "BOARD 2,DIV.C"]
[Site "http://www.queenalice.com/game.php?id=444573"]
[Date "2008.8.6"]
[Round "4"]
[White "aragats"]
[Black "scalp"]
[Result "1-0"]
[WhiteElo "1802"]
[BlackElo "1662"]

1. f4 d5 2. Nf3 Nc6 3. e3 Bg4 4. Be2 e6 5. O-O Bxf3 6. Bxf3 Nf6 7. b3 Nb4 8. a3
Nc6 9. Bb2 Bd6 10. d3 e5 11. fxe5 Nxe5 12. Nd2 Qe7 13. e4 c6 14. exd5 cxd5 15.
Re1 O-O 16. Bxd5 Nxd5 17. d4 Qc7 18. dxe5 Bc5+ 19. Kh1 Rae8 20. Qg4 Ne3 21. Qe4
Bb6 22. c4 f6 23. Qd3 Qc6 24. Rxe3 Bxe3 25. Qxe3 b6 26. Re1 1-0

[Event "Challenge"]
[Site "http://www.queenalice.com/game.php?id=451559"]
[Date "2008.8.21"]
[Round "-"]
[White "scalp"]
[Black "Polux"]
[Result "1-0"]
[WhiteElo "1687"]
[BlackElo "1737"]

1. e4 e5 2. Bc4 c6 3. Qf3 Nf6 4. Nh3 h6 5. Nc3 Bc5 6. Qg3 Nh5 7. Qxe5+ Be7 8.
Qxh5 g6 9. Qf3 O-O 10. d4 d6 11. Bxh6 d5 12. Bxf8 Bxf8 13. Bb3 Be6 14. Nf4 dxe4
15. Qxe4 Bf5 16. Qf3 Qxd4 17. O-O Nd7 18. Rad1 Qe5 19. Nxg6 Bxg6 20. Rxd7 b5 21.
Bxf7+ Kg7 22. Bxg6+ Kxg6 23. Qxc6+ Qf6 24. Qxa8 b4 25. Nd5 Qc6 26. Qxc6+ 1-0

[Event "Challenge"]
[Site "http://www.queenalice.com/game.php?id=451560"]
[Date "2008.8.21"]
[Round "-"]
[White "scalp"]
[Black "Polux"]
[Result "0-1"]
[WhiteElo "1675"]
[BlackElo "1748"]

1. e3 c5 2. g3 e5 3. Bg2 d5 4. d4 e4 5. Nc3 Nf6 6. h3 Qa5 7. Bd2 Qb4 8. b3 cxd4
9. Nxd5 Qd6 10. Nxf6+ Qxf6 11. Bxe4 Bc5 12. Nf3 Nc6 13. Nh4 O-O 14. Rc1 Rd8 15.
Qf3 Qxf3 16. Bxf3 dxe3 17. fxe3 Bd6 18. g4 Bg3+ 19. Ke2 Bxh4 20. Bc3 Re8 21. e4
Be6 22. Rcd1 Rac8 23. Rd2 Bg5 24. Rdd1 Ne7 25. h4 Rxc3 26. hxg5 Rxc2+ 27. Kd3
Rxa2 28. Rb1 Ra3 29. Bd1 Nc6 30. Ke2 Bxg4+ 31. Ke3 Bf5 32. Bf3 Na5 33. Kf4 Bg6
34. b4 Nc4 35. Rhd1 h5 36. Rbc1 Nb2 37. b5 Nd3+ 38. Kg3 Nxc1 39. Kf4 Ne2+ 40.
Bxe2 Rxe4# 0-1

[Event "Challenge"]
[Site "http://www.queenalice.com/game.php?id=451561"]
[Date "2008.8.21"]
[Round "-"]
[White "scalp"]
[Black "Polux"]
[Result "0-1"]
[WhiteElo "1639"]
[BlackElo "1836"]

1. e3 e5 2. Bc4 d5 3. Be2 f5 4. d4 Bd6 5. Nc3 Be6 6. Nf3 e4 7. Ng5 Qxg5 8. g3
Ne7 9. f4 Qg6 10. Bh5 Nbc6 11. Bxg6+ hxg6 12. Bd2 O-O-O 13. Na4 Rh3 14. Qe2 Ng8
15. Qg2 Rh5 16. O-O-O Nf6 17. h3 b6 18. Qe2 Bd7 19. b3 g5 20. c4 dxc4 21. Qxc4
Nb8 22. Nc3 Rhh8 23. Rdg1 g4 24. hxg4 Nxg4 25. Rxh8 Rxh8 26. Qf7 Bf8 27. Na4 Nc6
28. Qc4 Ba3+ 29. Kc2 Rh2 30. Kd1 Nf2+ 31. Kc2 Nd3 32. Qg8+ Nd8 33. Qxg7 Nb4+ 34.
Kd1 Nxa2 0-1

[Event "Challenge"]
[Site "http://www.queenalice.com/game.php?id=451562"]
[Date "2008.8.21"]
[Round "-"]
[White "scalp"]
[Black "Polux"]
[Result "0-1"]
[WhiteElo "1689"]
[BlackElo "1737"]

1. e3 c5 2. Nc3 e5 3. d4 d5 4. Nf3 e4 5. Ne5 Nf6 6. f3 Nc6 7. Bb5 Bd6 8. Nxc6
bxc6 9. Bxc6+ Bd7 10. Bxa8 Qxa8 11. Qe2 O-O 12. Nb5 Bxb5 13. Qxb5 cxd4 14. exd4
exf3 15. gxf3 a6 16. Qd3 Re8+ 17. Kf2 Qc8 18. Rg1 g6 19. Rg2 a5 20. Bd2 a4 21.
a3 Qb8 22. b3 axb3 23. cxb3 Bxh2 24. b4 Bc7 25. a4 Qa7 26. a5 Bb6 27. Bc3 Bd8
28. b5 Nh5 29. Qd2 Bc7 30. b6 Bxb6 31. axb6 Qxb6 32. Ra5 Qe6 33. Kf1 Qf5 34. Kf2
f6 35. Qa2 Nf4 36. Ra8 Kf7 37. Qa7+ Re7 38. Qb8 Qc2+ 39. Kg3 Qxg2+ 0-1

[Event "Dylan93"]
[Site "http://www.queenalice.com/game.php?id=473124"]
[Date "2008.10.5"]
[Round "4"]
[White "kretin_alan"]
[Black "scalp"]
[Result "1-0"]
[WhiteElo "1724"]
[BlackElo "1652"]

1. d4 d5 2. Nf3 Bf5 3. Bf4 e6 4. e3 Nc6 5. c3 Nf6 6. Nbd2 Be7 7. b4 Bxb4 8. cxb4
Nxb4 9. Qa4+ Nc6 10. Qa3 Qe7 11. Qxe7+ Nxe7 12. Rc1 c6 13. h3 O-O 14. Be2 a5 15.
O-O b5 16. Ne5 Rfd8 17. Nxc6 Nxc6 18. Rxc6 b4 19. Rfc1 a4 20. Bg5 h6 21. Bxf6
gxf6 22. f3 b3 23. axb3 a3 24. b4 a2 25. Nb3 Ra3 26. Bd1 Rb8 27. Na1 Rxb4 28.
Bc2 Bxc2 29. R6xc2 Rc4 30. Rxc4 1-0